<?xml version="1.0" encoding="UTF-8"?>
<record
    xmlns:xsi="http://www.w3.org/2001/XMLSchema-instance"
    xsi:schemaLocation="http://www.loc.gov/MARC21/slim http://www.loc.gov/standards/marcxml/schema/MARC21slim.xsd"
    xmlns="http://www.loc.gov/MARC21/slim">

  <leader>01031    a2200169   4500</leader>
  <datafield tag="020" ind1=" " ind2=" ">
    <subfield code="a">9789968470479</subfield>
  </datafield>
  <datafield tag="082" ind1=" " ind2=" ">
    <subfield code="a">801.952</subfield>
    <subfield code="b">C1466t</subfield>
  </datafield>
  <datafield tag="100" ind1=" " ind2=" ">
    <subfield code="a">Calderon, Juan Carlos</subfield>
    <subfield code="9">286</subfield>
  </datafield>
  <datafield tag="110" ind1=" " ind2=" ">
    <subfield code="a">Universidad de Costa Rica</subfield>
    <subfield code="9">287</subfield>
  </datafield>
  <datafield tag="245" ind1=" " ind2=" ">
    <subfield code="a">Teatro Girasol</subfield>
    <subfield code="b">15 a&#x1EB;s de trabajo creativo</subfield>
  </datafield>
  <datafield tag="260" ind1=" " ind2=" ">
    <subfield code="a">Costa Rica</subfield>
    <subfield code="b">Universidad de Costa Rica</subfield>
    <subfield code="c">2008</subfield>
  </datafield>
  <datafield tag="300" ind1=" " ind2=" ">
    <subfield code="a">121 p</subfield>
    <subfield code="b">ill (some color)</subfield>
    <subfield code="c">16.4 cm</subfield>
  </datafield>
  <datafield tag="505" ind1=" " ind2=" ">
    <subfield code="t">Girasol: un espectaculo con la vida</subfield>
    <subfield code="t">Objetivos y metodologia</subfield>
    <subfield code="t">Antecedentes 1997-2007</subfield>
    <subfield code="t">Teatro Girasol y su repertorio</subfield>
    <subfield code="t">Teatro Girasol en numeros</subfield>
    <subfield code="t">Los ausentes</subfield>
    <subfield code="t">Lista de integrantes del Teatro Girasol</subfield>
    <subfield code="t">Agradecimientos</subfield>
    <subfield code="t">Los Juankas</subfield>
    <subfield code="t">Los integrantes del Teatro Girasol opinan</subfield>
    <subfield code="t">Afiches del Teatro Girasol</subfield>
    <subfield code="t">Programas de mano, desplegables y separadores</subfield>
    <subfield code="t">Primera Jornada de teatros Universitarios Estudiantiles</subfield>
    <subfield code="t">Sinopsis de los principales montajes del Teatro Girasol</subfield>
    <subfield code="t">Sobre el Fundador y Director</subfield>
    <subfield code="t">Bibliografia</subfield>
  </datafield>
  <datafield tag="650" ind1=" " ind2=" ">
    <subfield code="x">Teatro costarricense-historia</subfield>
    <subfield code="9">288</subfield>
  </datafield>
  <datafield tag="700" ind1=" " ind2=" ">
    <subfield code="a">Juan Carlos Calderon</subfield>
    <subfield code="9">289</subfield>
  </datafield>
  <datafield tag="710" ind1=" " ind2=" ">
    <subfield code="a">Universidad de Costa Rica</subfield>
    <subfield code="9">290</subfield>
  </datafield>
  <datafield tag="999" ind1=" " ind2=" ">
    <subfield code="c">52</subfield>
    <subfield code="d">52</subfield>
  </datafield>
  <datafield tag="952" ind1=" " ind2=" ">
    <subfield code="0">0</subfield>
    <subfield code="1">0</subfield>
    <subfield code="2">ddc</subfield>
    <subfield code="4">0</subfield>
    <subfield code="7">0</subfield>
    <subfield code="a">LV</subfield>
    <subfield code="b">LV</subfield>
    <subfield code="c">Pensamiento</subfield>
    <subfield code="d">2014-04-07</subfield>
    <subfield code="l">0</subfield>
    <subfield code="o">801.952 C1466t</subfield>
    <subfield code="p">000041</subfield>
    <subfield code="r">2014-04-07 00:00:00</subfield>
    <subfield code="w">2014-04-07</subfield>
    <subfield code="y">01</subfield>
  </datafield>
</record>
